000 00297nam a2200133Ia 4500
008 231129s1978||||xx |||||||||||||| ||spa||
040 _bspa
082 _a305.3 B335h
100 _aBattegay Raymond
245 0 _aEl hombre en el grupo
260 _c1978
264 _aHerder
942 _2ddc
_cBKS
999 _c11264
_d11264